Kursus berfikir tinggi / (Record no. 475)
[ view plain ]
| 000 -LEADER | |
|---|---|
| fixed length control field | nam a22 a 4500 |
| 003 - CONTROL NUMBER IDENTIFIER | |
| control field | AKMAL |
| 005 - DATE AND TIME OF LATEST TRANSACTION | |
| control field | 20170504092529.0 |
| 008 - FIXED-LENGTH DATA ELEMENTS--GENERAL INFORMATION | |
| fixed length control field | 170504s1995 my g 000 0 may d |
| 020 ## - INTERNATIONAL STANDARD BOOK NUMBER | |
| International Standard Book Number | 9676105678 |
| Qualifying information | paperback: |
| Terms of availability | RM 16.00 |
| 040 ## - CATALOGING SOURCE | |
| Original cataloging agency | AKMAL |
| 082 04 - DEWEY DECIMAL CLASSIFICATION NUMBER | |
| Classification number | 153.42 AIN |
| 090 ## - LOCALLY ASSIGNED LC-TYPE CALL NUMBER (OCLC); LOCAL CALL NUMBER (RLIN) | |
| Classification number (OCLC) (R) ; Classification number, CALL (RLIN) (NR) | 153.42 |
| Local cutter number (OCLC) ; Book number/undivided call number, CALL (RLIN) | AIN |
| 100 0# - MAIN ENTRY--PERSONAL NAME | |
| Personal name | Ainon Muhammad, |
| Dates associated with a name | 1950- |
| Relator term | author. |
| 9 (RLIN) | 343 |
| 245 10 - TITLE STATEMENT | |
| Title | Kursus berfikir tinggi / |
| Statement of responsibility, etc. | Ainon & Abdullah |
| 264 #1 - PRODUCTION, PUBLICATION, DISTRIBUTION, MANUFACTURE, AND COPYRIGHT NOTICE | |
| Place of production, publication, distribution, manufacture | Kuala Lumpur : |
| Name of producer, publisher, distributor, manufacturer | Utusan Publications & Distributors , |
| Date of production, publication, distribution, manufacture, or copyright notice | 1995 |
| 300 ## - PHYSICAL DESCRIPTION | |
| Extent | 311 pages ; |
| Dimensions | 22 cm |
| 504 ## - BIBLIOGRAPHY, ETC. NOTE | |
| Bibliography, etc. note | Bibliography: pages 293-311 |
| 533 ## - REPRODUCTION NOTE | |
| Type of reproduction | Electronic reproduction. |
| Place of reproduction | Batu Caves, Selangor : |
| Agency responsible for reproduction | PTS Publishing House, |
| Date of reproduction | 2014. |
| Note about reproduction | Available via World Wide Web |
| 650 10 - SUBJECT ADDED ENTRY--TOPICAL TERM | |
| Topical term or geographic name entry element | Thought and thinking |
| 9 (RLIN) | 913 |
| 650 20 - SUBJECT ADDED ENTRY--TOPICAL TERM | |
| Topical term or geographic name entry element | Creative thinking |
| 9 (RLIN) | 1035 |
| 650 20 - SUBJECT ADDED ENTRY--TOPICAL TERM | |
| Topical term or geographic name entry element | Perception |
| 9 (RLIN) | 1098 |
| 650 20 - SUBJECT ADDED ENTRY--TOPICAL TERM | |
| Topical term or geographic name entry element | Ideology |
| 9 (RLIN) | 1099 |
| 650 20 - SUBJECT ADDED ENTRY--TOPICAL TERM | |
| Topical term or geographic name entry element | Intelligence levels |
| 9 (RLIN) | 1100 |
| 700 0# - ADDED ENTRY--PERSONAL NAME | |
| Personal name | Abdullah Hassan, |
| Dates associated with a name | 1942- |
| Relator term | author. |
| 9 (RLIN) | 341 |
| 942 ## - ADDED ENTRY ELEMENTS (KOHA) | |
| Source of classification or shelving scheme | |
| Koha item type | Book |
| Withdrawn status | Lost status | Source of classification or shelving scheme | Damaged status | Not for loan | Collection code | Home library | Current library | Shelving location | Date acquired | Inventory number | Total Checkouts | Full call number | Barcode | Date last seen | Price effective from | Koha item type |
|---|---|---|---|---|---|---|---|---|---|---|---|---|---|---|---|---|
| NON-FICTION | AKMAL Melaka | AKMAL Melaka | PINJAMAN | 04.05.2017 | 100609 | 153.42 AIN | 201701351 | 04.05.2017 | 04.05.2017 | Book | ||||||
| NON-FICTION | AKMAL Melaka | AKMAL Melaka | PINJAMAN | 04.05.2017 | 00269 | 153.42 AIN | 201701348 | 04.05.2017 | 04.05.2017 | Book |
